Statistics for Largest European Cities by Letter - I

Click here to take the quiz!

General Stats

  • This quiz has been taken 70 times
    (58 since last reset)
  • The average score is 3 of 5

Answer Stats

RankPopulationCountryHintCity% Correct
114'657'000TurkeyOn Two ContinentsIstanbul
100%
4348'000RomaniaNear by MoldovaIasi
69%
3459'000RussiaTextile Capital of RussiaIvanovo
42%
2654'000RussiaArmory Capital of RussiaIzhevsk
38%
5234'000UkraineSituated in the CarpathiansIvano-Frankovsk
27%

Score Distribution

Percentile by Number Answered

Percent of People with Each Score

Your Score History

You have not taken this quiz since the last reset